| 000 | 00526nam a2200181Ia 4500 | ||
|---|---|---|---|
| 005 | 20250923145918.0 | ||
| 008 | 008 250917s9999 xx 000 0 eng d | ||
| 037 | _aTextual | ||
| 040 |
_aDSWL _beng _cDSWL |
||
| 041 |
_aeng _2eng |
||
| 084 |
_aY:4x4, N91;1 _qDSWL |
||
| 245 | 0 |
_aSocial problem in the Asia Pacific Religion _cEd. by S. Sewell |
|
| 260 |
_aBrisbane _b Bodarong Pub. _c1991 |
||
| 300 | _aix,353p. | ||
| 700 |
_a A. Kelly _9840222 |
||
| 942 |
_cTEXL _hY:4x4, N91;1 |
||
| 999 |
_c1457260 _d1457260 |
||